mysqli: Table './ulib62015/stat_globaluid' is marked as crashed and should be repaired
select id from stat_globaluid where statuid='20260517103028_764'
mysqli: Table './ulib62015/stat_globaluid' is marked as crashed and should be repaired
DELETE FROM stat_globaluid
WHERE id NOT IN (
SELECT id
FROM (
SELECT id
FROM stat_globaluid
ORDER BY id DESC
LIMIT 100
) foo
);
mysqli: Table './ulib62015/stat_globaluid' is marked as crashed and should be repaired
insert into stat_globaluid set
statuid='20260517103028_764',
dt='1778988628',
phpself='/ULIB62015/dublinfull.php',
agent='Mozilla/5.0 AppleWebKit/537.36 (KHTML, like Gecko; compatible; ClaudeBot/1.0; +claudebot@anthropic.com)',
yea='2026',
mon='5',
dat='17',
ip='216.73.216.45'
mysqli: Table './ulib62015/stathist_viewbib_bib_type' is marked as crashed and should be repaired
insert into stathist_viewbib_bib_type set
dat='17' ,
mon='05' ,
yea='2026' ,
statuid='20260517103028_764' ,
head='13399120036' ,
foot='marc' ,
dt='1778988628'
| LEADER : 00000nam 2200000uu 4500 |
| 008 121018s||||||||th 000 0 tha d |
| 020 ^a9786165512299
|
| 060 4 ^aWM420^bอ388 2553
|
| 100 0 ^aอรัญญา ตุ้ยคำภีร์
|
| 245 10 ^aจิตบำบัดแนวความหมายในชีวิต =^bLogotherapy /^cอรัญญา ตุ้ยคำภีร์
|
| 260 ^aกรุงเทพฯ :^bคณะจิตวิทยา จุฬาลงกรณ์มหาวิทยาลัย,^c2554
|
| 300 ^a166 หน้า :^bภาพประกอบ
|
| 650 7 ^aจิตบำบัด
|
| 650 7 ^aโรคจิต
|
| 650 7 ^aจิตเวชศาสตร์
|
| 710 2 ^aจุฬาลงกรณ์มหาวิทยาลัย.^bคณะจิตวิทยา
|
| 945 ^p150^l0^i017967
|
| 945 ^p0^l0^i017968
|
| 945 ^p0^l0^i017969
|
| 945 ^p0^l0^i017970
|
| 945 ^p0^l0^i017971
|
| 945 ^p0^l0^i020020 |
| 999 ^aยมมะณา จันทร์ฉิม
|
| คุณยังไม่ได้ล็อกอิน คุณสามารถมีกิจกรรมร่วมกับเว็บไซต์ได้ แต่ต้องล็อกอินก่อน :: |
|
|
|
รายการใกล้เคียง
หัวเรื่อง [จิตบำบัด] หัวเรื่อง [โรคจิต] หัวเรื่อง [จิตเวชศาสตร์]
|
|
ยังไม่เคยถูกคอมเมนท์
|
| คอมเมนท์ทรัพยากรรายการนี้ |
|